000 00844nam a2200253 a 4500
001 BRCA_6298
005 20190320205414.0
008 040811s1928----nyuac#####---#000-0#eng-#
041 _aeng
044 _anyu
050 4 _aDA564
_b.B3 M33
_c1928
100 1 _aMaurois, Andreì
_d1885-1967
_915795
245 1 0 _aDisraeli
_ba picture of the Victorian age
_cAndreì Maurois; translated by Hamish Miles.
260 _aNueva York
_bD. Appleton
_c1928
300 _axiii, 379 p.
_bil., retratos
_c22 cm.
500 _aCon firma de Franz Mayer
500 _aIncluye índice alfabético
500 _aK159
600 1 4 _aBeaconsfield, Benjamin Disraeli
_d1804-1881
_915796
651 4 _aInglaterra
_xVida social y costumbres
_yÉpoca Victoriana, 1837-1901
_915797
700 1 _aMiles, Hamish
_f1894-1937
_etr.
_915798
902 _aGFM
942 _2lcc
_cB
999 _c5984
_d5984